• 首页
  • 本馆介绍
  • 公告通知
  • 最新文献
  • 馆藏检索
  • 电子资源
  • 读者导购
  • 参考咨询
  • 我的图书馆
  • 登录
  • 详细信息显示
  • 放入我的书架
  • 预约/预借图书
  • 作者相关作品
  • 分类相关作品
  • 丛书相关作品
  • 出版社相关作品

书目信息

  • 表格格式
  • 工作单格式
  • 卡片格式
题名:
药理学
    
 
作者: 贾焕金 主编
分册:  
出版信息: 北京   科学出版社  2015.12
页数: 287页
开本: 26cm
丛书名:
单 册:
中图分类: R96
科图分类:
主题词: 药理学--职业教育--教材
电子资源:
ISBN: 978-7-03-046552-8
000 00993nam0 2200265 450
001 4420
005 20181015085751.60
010    @a978-7-03-046552-8@dCNY54.80
100    @a20160122d2015 em y0chiy50 ea
101 0  @achi
102    @aCN@b110000
105    @aa az 000yy
200 1  @a药理学@9yao li xue@b专著@f贾焕金主编
205    @a2版
210    @a北京@c科学出版社@d2015.12
215    @a287页@c图@d26cm
300    @a“十二五”职业教育国家规划教材
300    @a供药剂、药品食品检验、中医、中药、康复技术及相关专业使用
320    @a有书目(第277页)
330    @a本书共19章,前18章是理论部分,最后一章是实践技能训练。理论部分主要讲述药物的作用、作用原理、临床用途和不良反应,删除了难以理解的机制,各章都附有小结、习题、链接等,便于学生理解记忆;实践技能训练更接近工作实际情况,减少了验证性的实验,更重视学生动手能力的培养。
606 0  @a药理学@x职业教育@j教材
690    @aR96@v5
701  0 @a贾焕金@9jia huan jin@4主编
801  0 @aCN@b91MARC@c20160516
905    @aMuseLib@dR96@e148=2
    
    药理学/贾焕金主编.-2版.-北京:科学出版社,2015.12
    287页:图;26cm
    “十二五”职业教育国家规划教材.-供药剂、药品食品检验、中医、中药、康复技术及相关专业使用
    
    ISBN 978-7-03-046552-8:CNY54.80
    本书共19章,前18章是理论部分,最后一章是实践技能训练。理论部分主要讲述药物的作用、作用原理、临床用途和不良反应,删除了难以理解的机制,各章都附有小结、习题、链接等,便于学生理解记忆;实践技能训练更接近工作实际情况,减少了验证性的实验,更重视学生动手能力的培养。
●
相关链接 在E读中查询图书 在五车中查询图书 在当当中查询图书 在豆瓣中查询图书


正题名:药理学     索取号:R96/148=2         预约/预借

序号 登录号 条形码 馆藏地/架位号 状态 备注
1 1125016   211250162   第二样本阅览室/ [索取号:R96/148=2] 在馆    
2 1125017   211250171   第三借阅区/ [索取号:R96/148=2] 在馆    
3 1125018   211250180   第三借阅区/ [索取号:R96/148=2] 在馆    
4 1125019   211250199   第三借阅区/ [索取号:R96/148=2] 在馆    
5 1125020   211250206   第三借阅区/ [索取号:R96/148=2] 在馆    
唐山师范学院图书馆 欢迎您!
大连网信软件有限公司© 版权所有